000 00694cam a2200217 a 4500
001 2142070
005 20250716153839.0
008 980424s1998 ilu b 001 0 eng
020 _a0830815147
_qpbk. : alk. paper
020 _a9780830815142
_q(pbk. : alk. paper)
050 0 0 _aBS2615.2
_b.S58 1998
082 0 0 _a226.5/06
_221
100 1 _aSmalley, Stephen S.
245 1 0 _aJohn :
_bevangelist & interpreter /
_cStephen S. Smalley.
250 _a2nd ed.
260 _aDowners Grove, Ill. :
_bInterVarsity Press,
_cc1998.
300 _axviii, 340 p. ;
_c21 cm.
440 0 _aNew Testament profiles
500 _aOriginally published: Exeter : Paternoster Press, 1978.
942 _2lcc
_cBK
_n0
999 _c7000
_d7000